MARC

LEADER 00000nam0a2200000 4500
001 28561
005 20231030202901.0
010 |a 5724509237 
035 |a (RuTPU)RU\TPU\book\28818 
035 |a BOOK00028893 
090 |a 28561 
100 |a 20011209d1993 m y0rusy50 ca 
101 0 |a rus 
102 |a RU 
105 |a a j 001zy 
200 1 |a Проектирование и расчет аппаратов технологии горючих ископаемых  |e учебное пособие  |f Н. Г. Дигуров, А. Г. Китайнер, А. Ю. Налетов, В. В. Скудин 
210 |a Москва  |c Химия  |d 1993 
215 |a 277 с.  |c ил. 
320 |a Библиогр.: с. 279. 
610 1 |a химическая технология 
610 1 |a горючие ископаемые 
610 1 |a переработка 
610 1 |a механизация 
610 1 |a аппараты 
610 1 |a углеродные материалы 
610 1 |a тепловые балансы 
610 1 |a материальные балансы 
610 1 |a расчет 
610 1 |a математические модели 
610 1 |a рекуперация 
610 1 |a эксергия 
610 1 |a учебные пособия 
675 |a 662.7(075.8)  |v 3 
701 1 |a Дигуров  |b Н. Г.  |g Николай Гаппоевич 
701 1 |a Китайнер  |b А. Г.  |g Алла Георгиевна 
701 1 |a Налетов  |b А. Ю.  |g Алексей Юрьевич 
701 1 |a Скудин  |b В. В.  |g Валерий Всеволодович 
801 0 |a RU  |b 63413507  |c 20011209  |g PSBO 
801 2 |a RU  |b 63413507  |c 20180601  |g PSBO 
942 |c BK